[Event "Toronto op"]
[Site "Toronto"]
[Date "1998.05.17"]
[Round "7"]
[White "Hasanov, Marat"]
[Black "Stripunsky, Alexander"]
[Result "0-1"]
[WhiteElo "2265"]
[BlackElo "2475"]

1.Nf3 d5 2.g3 c6 3.b3 Bg4 4.Bg2 Nd7 5.Bb2 e6 6.O-O h5 7.h4 Bxf3 8.exf3 Ngf6
9.d3 g6 10.c4 Bg7 11.cxd5 cxd5 12.Nd2 O-O 13.f4 Qb6 14.Nf3 Rfc8 15.Qd2 a5
16.Bd4 Qb4 17.Qb2 Ne8 18.Ne5 Nxe5 19.fxe5 a4 20.Rac1 axb3 21.axb3 Bf8 22.Rfd1 Ng7
23.Bh3 Qb5 24.Rxc8 Rxc8 25.Kf1 Rc6 26.Ke2 Bc5 27.Bxc5 Rxc5 28.Rc1 Rxc1 29.Qxc1 Qxb3
30.Qc8+ Kh7 31.Qc7 b5 32.Ke3 d4+ 33.Kf4 Qa2 34.Kf3 Qd5+ 35.Ke2 b4 36.Qxf7 b3
37.g4 b2 38.gxh5 Qxe5+ 39.Kd2 Qa5+ 40.Kc2 Qc3+  0-1

[Event "BCF-chT 97/98 (4NCL)"]
[Site "GBR"]
[Date "1998.05.23"]
[Round "9"]
[White "Lauterbach, Ingrid"]
[Black "Regan, Natasha"]
[Result "1/2-1/2"]
[WhiteElo "2160"]
[BlackElo "2160"]

1.Nf3 d5 2.g3 c5 3.Bg2 Nc6 4.O-O Nf6 5.d3 Bg4 6.h3 Bh5 7.Nbd2 e6 8.c3 Be7
9.Re1 O-O 10.e4 Ne5 11.Qc2 Nxf3+ 12.Nxf3 c4 13.dxc4 dxc4 14.g4 Bg6 15.Ne5 Rc8
16.Be3 Qa5 17.Bd4 Rfd8 18.f4 Ne8 19.f5 f6 20.Nxg6 hxg6 21.fxe6 Nc7 22.e5 Nxe6
23.exf6 Nxd4 24.cxd4 Bxf6 25.d5 Re8 26.Rxe8+  1/2-1/2

[Event "BCF-chT 97/98 (4NCL)"]
[Site "GBR"]
[Date "1998.05.25"]
[Round "11"]
[White "Lauterbach, Ingrid"]
[Black "Jackson, Sheila"]
[Result "1/2-1/2"]
[WhiteElo "2160"]
[BlackElo "2150"]

1.Nf3 d5 2.g3 Nf6 3.Bg2 c6 4.O-O Bg4 5.h3 Bh5 6.d3 Nbd7 7.Nbd2 e6 8.b3 Be7
9.Bb2 O-O 10.e4 a5 11.a4 Bb4 12.e5 Ne8 13.Qe2 Qc7 14.g4 Bg6 15.Rfd1 b5 16.Nh4 Be7
17.Nxg6 fxg6 18.axb5 cxb5 19.c4 bxc4 20.dxc4 Bc5 21.Nf3 Nb6 22.Bd4 Qe7 23.Qe3 Bxd4
24.Qxd4 Ra6 25.c5 Nd7 26.b4 Nc7 27.Rxa5 Rxa5 28.bxa5 Qxc5 29.Qxc5 Nxc5 30.Rc1  1/2-1/2

[Event "Garcia mem Masters"]
[Site "Santa Clara"]
[Date "1998.05.25"]
[Round "2"]
[White "Alvarez, Jose Luis"]
[Black "Sieiro Gonzalez, Luis"]
[Result "1/2-1/2"]
[WhiteElo "2395"]
[BlackElo "2390"]

1.Nf3 d5 2.g3 g6 3.Bg2 Bg7 4.O-O e6 5.d3 Ne7 6.Nbd2 c5 7.e4 Nbc6 8.Re1 b6
9.h4 h6 10.e5 Qc7 11.Qe2 Bb7 12.Nf1 O-O-O  1/2-1/2

[Event "Hamburg-chI"]
[Site "Hamburg"]
[Date "1998.05.29"]
[Round "1"]
[White "Mowsziszian, Karen"]
[Black "Hochgraefe, Markus"]
[Result "0-1"]
[WhiteElo "2500"]
[BlackElo "2300"]

1.Nf3 d5 2.g3 Nf6 3.Bg2 c6 4.O-O Bg4 5.c4 e6 6.cxd5 Bxf3 7.Bxf3 cxd5 8.d3 Be7
9.a3 O-O 10.b4 Qd7 11.e4 a5 12.e5 Ne8 13.bxa5 Nc6 14.Re1 Rxa5 15.Nd2 Nd4
16.Nb3 Nxf3+ 17.Qxf3 Ra4 18.Bb2 Nc7 19.Rec1 Na6 20.Qd1 b6 21.d4 b5 22.h4 Rc8
23.Rxc8+ Qxc8 24.Nd2 Qd7 25.Nf1 h6 26.Ne3 Nb8 27.Qb3 Qb7 28.Rc1 Nc6 29.Qd3 Na5
30.Rb1 Nc4 31.Nc2 Qa6 32.Kg2 Bxa3 33.Bxa3 Nxa3 34.Nxa3 Rxa3 35.Qc2 Ra4 36.Qc5 Rc4
37.Qd6 Qxd6 38.exd6 Rc6 39.Rxb5 Rxd6 40.Rb8+ Kh7 41.Rb7 Kg6 42.Kf3 h5 43.Kf4 Ra6
44.Ke3 Ra3+ 45.Ke2 Kf6 46.Rc7 g6 47.Rb7 Ra8 48.Ke3 Re8 49.Kf4 Rc8 50.f3 Rc3
51.g4 hxg4 52.fxg4 Rh3  0-1

[Event "Russian Club Cup"]
[Site "Maikop"]
[Date "1998.06.06"]
[Round "4"]
[White "Pigusov, Evgeny"]
[Black "Iljushin, Alexei"]
[Result "1/2-1/2"]
[WhiteElo "2575"]
[BlackElo "2460"]

1.Nf3 d5 2.g3 Nf6 3.Bg2 Bf5 4.c4 c6 5.cxd5 cxd5 6.Qb3 Qb6 7.Qxb6 axb6 8.Nc3 Nc6
9.d3 e6 10.O-O Bc5 11.Bd2 O-O 12.a3 Bg4 13.b4 Bd6 14.Nb5 Bxf3 15.Bxf3 Be5
16.Ra2 Ne8 17.e4 dxe4 18.Bxe4 Nd6 19.Nxd6  1/2-1/2

[Event "Russian Club Cup"]
[Site "Maikop"]
[Date "1998.06.09"]
[Round "7"]
[White "Lopushnoy, Denis"]
[Black "Iljushin, Alexei"]
[Result "1/2-1/2"]
[WhiteElo "2390"]
[BlackElo "2460"]

1.Nf3 d5 2.g3 Nf6 3.Bg2 c6 4.O-O Bf5 5.b3 e6 6.Bb2 Be7 7.d3 h6 8.Nbd2 O-O
9.c4 Nbd7 10.a3 a5 11.Qc2 Bh7 12.Bc3 Bd6 13.Qb2 Re8 14.b4 e5 15.cxd5 Nxd5
16.Nc4 Bc7 17.Bxe5 Nxe5 18.Nfxe5 Qe7 19.e4 Bxe5 20.Nxe5 Qxe5 21.Qxe5 Rxe5
22.exd5 cxd5 23.d4 Re7 24.Bxd5 Rd7 25.Bf3 Rxd4 26.Bxb7 Rb8 27.Rfd1 Rxd1+
28.Rxd1 axb4 29.axb4 Bf5 30.b5  1/2-1/2

[Event "Stockholm Elo"]
[Site "Stockholm"]
[Date "1998.06.09"]
[Round "4"]
[White "Burwick, Malte"]
[Black "Livner, Anders"]
[Result "0-1"]
[WhiteElo "2270"]
[BlackElo "2225"]

1.Nf3 d5 2.g3 c6 3.Bg2 Bg4 4.b3 Nd7 5.Bb2 Ngf6 6.d3 e6 7.Nbd2 Bd6 8.O-O O-O
9.e4 e5 10.Qe1 Re8 11.Nh4 a5 12.a3 Bc5 13.h3 Bh5 14.Ndf3 Qc7 15.Kh1 dxe4
16.dxe4 Nf8 17.g4 Bg6 18.Nxe5 Rxe5 19.Bxe5 Qxe5 20.f4 Qc7 21.f5 Bh5 22.Bf3 g5
23.Ng2 Qe5 24.Rd1 Bb6 25.Qd2 Qg3 26.Qd6 Qxh3+ 27.Qh2 Qxh2+ 28.Kxh2 Bxg4 29.Bxg4 Nxg4+
30.Kg3 h5 31.Rd2 Re8 32.Re2 Nd7 33.Ne1 Ndf6 34.Kf3 Ne3 35.Rh1 g4+ 36.Kf4 Rxe4+
37.Kg5 Kg7 38.Nd3 g3 39.Rh4 Rxh4 40.Kxh4 g2 41.Re1 Nxf5+  0-1

[Event "Russian Club Cup"]
[Site "Maikop"]
[Date "1998.06.10"]
[Round "8"]
[White "Loginov, Valery A"]
[Black "Nikitin, Andrey"]
[Result "1-0"]
[WhiteElo "2500"]
[BlackElo "2410"]

1.Nf3 d5 2.g3 Bg4 3.Bg2 c6 4.O-O Nf6 5.c4 e6 6.d3 Be7 7.Be3 dxc4 8.dxc4 Qxd1
9.Rxd1 Nbd7 10.Nc3 Bxf3 11.exf3 e5 12.Bh3 Nb6 13.b3 O-O 14.Ne4 Nxe4 15.fxe4 Rad8
16.a4 c5 17.a5 Na8 18.Bd7 Nc7 19.Rd2 f6 20.f4 g6 21.Rad1 Kg7 22.Kg2 h6 23.f5 g5
24.Kf3 h5 25.Ke2 Kf7 26.b4 b6 27.Ra1 Ra8 28.Bc6 Rad8 29.axb6 Rxd2+ 30.Bxd2 axb6
31.Ra7 Bd6 32.bxc5 bxc5 33.Ba5 Rc8 34.Bb7  1-0

[Event "Russian Club Cup"]
[Site "Maikop"]
[Date "1998.06.10"]
[Round "8"]
[White "Pigusov, Evgeny"]
[Black "Galkin, Alexander"]
[Result "1-0"]
[WhiteElo "2575"]
[BlackElo "2565"]

1.Nf3 d5 2.g3 Nf6 3.Bg2 g6 4.O-O Bg7 5.d4 O-O 6.c4 c6 7.Qb3 dxc4 8.Qxc4 Bf5
9.Nc3 Nbd7 10.e3 Ne4 11.Qe2 e5 12.Rd1 Nxc3 13.bxc3 Qc7 14.e4 Bg4 15.h3 Bxf3
16.Bxf3 Rfe8 17.Rb1 Nb6 18.Rb3 Rad8 19.Rb4 Bf8 20.Rb3 c5 21.Qb5 cxd4 22.cxd4 exd4
23.Rxd4 Bg7 24.Rxd8 Rxd8 25.Qa5 Qb8 26.Bf4 Qa8 27.e5 Re8 28.Qb5 g5 29.Bxb7 Qb8
30.Bc6 Re6 31.Be3 Rxe5 32.Qd3 h6 33.Bf3 Qc7 34.Rb4 Re6 35.Re4 Rxe4 36.Qxe4 Bf6
37.h4 Qe7 38.Qf5 Qe6 39.Qxe6 fxe6 40.h5 Kf7 41.Bc6 Be5 42.Bc5 Bc7 43.Kf1 Nc8
44.Ke2 Bb6 45.Bb4 Ne7 46.Be4 Nd5 47.Bd2 Bd4 48.Bg6+ Kf6 49.Bc2 Ke7 50.f3 Be5
51.Be1 Kd6 52.Bb3 Bd4 53.Kd3 Bc5 54.Bd2 Nf6 55.g4 Nd5 56.Bc1 Nf4+ 57.Kc4 Kc6
58.Ba4+ Kb6 59.Bb2 Bf8 60.Be5 Nd5 61.Bd7 Nc7 62.f4 Nd5 63.fxg5 Ne3+ 64.Kd3 Nxg4
65.Bd4+  1-0

[Event "Russian Club Cup"]
[Site "Maikop"]
[Date "1998.06.11"]
[Round "9"]
[White "Lopushnoy, Denis"]
[Black "Dreev, Alexey"]
[Result "0-1"]
[WhiteElo "2390"]
[BlackElo "2630"]

1.Nf3 d5 2.g3 Bg4 3.Bg2 Nd7 4.c4 e6 5.cxd5 exd5 6.O-O Ngf6 7.d3 Bc5 8.Nc3 O-O
9.h3 Bxf3 10.Bxf3 c6 11.Rb1 Qe7 12.Bg2 Rad8 13.d4 Bd6 14.Bg5 h6 15.Bxf6 Nxf6
16.e3 h5 17.h4 g6 18.Re1 Kg7 19.a3 Ng4 20.Qf3 f5 21.Ne2 a5 22.Nf4 Rde8 23.Nh3 Nf6
24.Rec1 Ne4 25.Rc2 Rh8 26.Bf1 a4 27.Bd3 Qd8 28.Kg2 Re7 29.Nf4 Rhe8 30.Rh1 Qb6
31.Bxe4 fxe4 32.Qe2 Ra8 33.Rg1 Qd8 34.Kh3 Qd7+ 35.Kh2 Rf7 36.Rg2 Ra5 37.Rg1 Rb5
38.Nh3 Rf3 39.Ng5 Rf6 40.Nh3 Rb3 41.Nf4 Bxf4 42.gxf4 Rxf4 43.Qxh5 Qd6 44.Rg3 Rxf2+
45.Rxf2 Qxg3+ 46.Kxg3 gxh5 47.Kf4 Kf6 48.Rg2 Rd3 49.Rg5 Rd2 50.Rxh5 Rf2+
51.Kg4 Rg2+ 52.Kf4 Rf2+ 53.Kg4 Rxb2 54.Rh6+ Kf7 55.h5 Rb3 56.Kf4 Kg8 57.Rd6 Rxa3
58.Rd7 Rb3 59.h6 Rb1 60.h7+ Kh8 61.Kg5 Rb6 62.Kg6 c5+ 63.Kf5 cxd4 64.Rxd5 dxe3  0-1

[Event "Stockholm Elo"]
[Site "Stockholm"]
[Date "1998.06.13"]
[Round "8"]
[White "Couso, Luis"]
[Black "Rylander, Dennis"]
[Result "1/2-1/2"]
[WhiteElo "2235"]
[BlackElo "2145"]

1.Nf3 d5 2.g3 Nf6 3.Bg2 g6 4.c4 c6 5.O-O Bg7 6.cxd5 cxd5 7.Qa4+ Nc6 8.Nc3 O-O
9.d3 d4 10.Nb5 Nd5 11.Bd2 a6 12.Na3 Qd7 13.Rfc1 b5 14.Qb3 Bb7 15.Nc2 Rac8
16.a4 b4 17.a5 Rb8 18.Ng5 e6 19.Ne4 Qe7 20.Ne1 Ba8 21.Nc5 Nc3 22.Nxa6 Nxe2+
23.Kf1 Nxc1 24.Rxc1 Rbc8 25.Qa4 Qe8 26.Rc5 Na7 27.Qxb4 Bxg2+ 28.Kxg2 Rxc5
29.Qxc5  1/2-1/2

[Event "Keres mem op"]
[Site "Tallin"]
[Date "1998.06.16"]
[Round "3"]
[White "Kovaljov, Denis"]
[Black "Sergejev, Roman"]
[Result "1/2-1/2"]
[WhiteElo "2185"]
[BlackElo "2385"]

1.Nf3 d5 2.g3 Bg4 3.Bg2 Nd7 4.c4 e6 5.b3 Ngf6 6.Bb2 Bd6 7.d3 O-O 8.Nbd2 c6
9.O-O Qe7 10.e4 dxe4 11.dxe4 Ba3 12.Bc3 e5 13.Qc2 Ne8 14.h3 Bxf3 15.Nxf3 Nc7
16.Rad1 Rfd8 17.h4 f6 18.Bh3 Nf8 19.Rxd8 Rxd8 20.Rd1 Na6 21.Rxd8 Qxd8 22.Kf1 Nc5
23.Ke2 a5 24.Qd2 Qxd2+ 25.Nxd2 b6 26.f3 Nce6 27.Kd3 Kf7 28.Nb1 Bc5 29.Nd2 Bf2
30.Nf1 Nd4 31.Bxd4 Bxd4 32.h5 Ne6 33.Bxe6+ Kxe6 34.g4 Kd6 35.a4 g6 36.hxg6 hxg6
37.f4 Bf2 38.f5 g5  1/2-1/2

[Event "Bozen op"]
[Site "Bozen"]
[Date "1998.06.17"]
[Round "6"]
[White "Belotti, Bruno"]
[Black "Mitkov, Nikola"]
[Result "0-1"]
[WhiteElo "2420"]
[BlackElo "2500"]

1.Nf3 d5 2.g3 Bg4 3.Bg2 Nd7 4.O-O e6 5.d3 Bd6 6.e4 Ne7 7.Qe1 O-O 8.Nh4 Bh5
9.f4 dxe4 10.Qxe4 c6 11.Nd2 a5 12.Kh1 a4 13.a3 Nf6 14.Qe1 Nf5 15.Nhf3 Bc5
16.Nc4 Nd5 17.Bh3 b5 18.Nce5 Nde3 19.g4 Nxc2 20.Qc3 Nxa1 21.Qxc5 Nb3 22.Qg1 Bxg4
23.Bxg4 Rc8 24.Bh3 f6 25.Ng4 Qxd3 26.Bg2 Rcd8 27.Re1 Rd6 28.Ne3 Nxc1 29.Nxf5 Qxf5
30.Rxc1 Qxf4 31.Qe1 Rfd8 32.Ng1 c5 33.Rxc5 e5 34.Qc3 Rd1 35.Rc8 Qd4 36.Qxd4 Rxd4
37.Rc5 b4 38.Ra5 bxa3 39.bxa3 Rc8 40.h3 h5 41.Ne2 Rd2 42.Ng3 Rd1+ 43.Nf1 Rd4
44.Kh2 h4 45.Ne3 Rf4 46.Nd5 Rd4 47.Ra7 Rc2 48.Ne3 Re2 49.Nf5 Rf4 50.Ne7+ Kh7
51.Kg1 Re1+ 52.Kh2 f5  0-1

[Event "Bozen op"]
[Site "Bozen"]
[Date "1998.06.18"]
[Round "7"]
[White "Luciani, Valerio"]
[Black "Astengo, Marcello"]
[Result "1-0"]
[WhiteElo "2220"]
[BlackElo "2075"]

1.Nf3 d5 2.g3 Nf6 3.Bg2 c6 4.d3 Bf5 5.O-O h6 6.Nbd2 e6 7.c4 Be7 8.b3 O-O
9.Bb2 Nbd7 10.Re1 Qc7 11.Rc1 Rad8 12.Qc2 Bh7 13.Qb1 Ng4 14.h3 Ngf6 15.Qa1 Nc5
16.d4 Ncd7 17.Ne5 Ne4 18.Nxd7 Rxd7 19.Nxe4 Bxe4 20.Bxe4 dxe4 21.d5 f6 22.Qb1 e3
23.dxe6 Rd2 24.Bc3 Bc5 25.f4 f5 26.b4 Bd6 27.e7 Qxe7 28.c5 Bc7 29.a3 g5 30.Bxd2 exd2
31.Qa2+ Kh7 32.Qxd2 gxf4 33.Rcd1 Rf7 34.Rf1 Rg7 35.Rf3 Qh4 36.Kh2 Rxg3 37.Qd7+ Rg7
38.Qxf5+ Kh8 39.Rd7 Qg5 40.Qxg5 hxg5 41.Rxg7 Kxg7 42.Kg2  1-0

[Event "Budapest FS06 GM"]
[Site "Budapest"]
[Date "1998.06.18"]
[Round "13"]
[White "Roeder, Mathias"]
[Black "Acs, Peter"]
[Result "1/2-1/2"]
[WhiteElo "2435"]
[BlackElo "2450"]

1.Nf3 d5 2.g3 Nf6 3.Bg2 c6 4.O-O Bg4 5.b3 e6 6.Bb2 Nbd7 7.c4 Bd6 8.d4 O-O
9.Nbd2 Qb8 10.Re1 Rd8 11.e4 dxc4 12.Nxc4 Bb4 13.Ncd2 c5 14.e5 Nd5 15.a3 Ba5
16.dxc5 Bxd2 17.Qxd2 Nxc5 18.Nd4  1/2-1/2

[Event "Frankfurt Ordix op"]
[Site "Frankfurt"]
[Date "1998.06.20"]
[Round "4"]
[White "Chuchelov, Vladimir"]
[Black "Beliavsky, Alexander G"]
[Result "0-1"]
[WhiteElo "2545"]
[BlackElo "2690"]

1.Nf3 d5 2.g3 c6 3.Bg2 Bg4 4.b3 Nd7 5.Bb2 e6 6.O-O Ngf6 7.c4 Be7 8.d3 O-O
9.Nbd2 a5 10.a3 Ne8 11.Qc2 Bf6 12.b4 Nd6 13.Bxf6 Qxf6 14.Rab1 axb4 15.axb4 Ra3
16.Rb3 Ra4 17.Rfb1 h6 18.e3 Rfa8 19.cxd5 cxd5 20.h3 Bxf3 21.Nxf3 Nb5 22.d4 Na3
23.Qc7 Nxb1 24.Rxb1 Qd8 25.Qxb7 Rb8 26.Qc6 Raxb4 27.Rxb4 Rxb4 28.Bf1 Rb6
29.Qc2 Qb8 30.Bd3 Rb2 31.Qc6 Qb7 32.Qd6 Rb6 33.Qe7 Nf8 34.Qe8 Qc6 35.Qd8 Qd6
36.Qa8 Rb8 37.Qa7 Qb6 38.Qe7 Qb7 39.Qd6 Ra8 40.Ne5 Ra2 41.Nc6 Qb2 42.Ne7+ Kh8
43.Qf4 Ra1+ 44.Kh2 Qc1  0-1

[Event "Keres mem op"]
[Site "Tallin"]
[Date "1998.06.20"]
[Round "7"]
[White "Kengis, Edvins"]
[Black "Sergejev, Roman"]
[Result "1-0"]
[WhiteElo "2565"]
[BlackElo "2385"]

1.Nf3 d5 2.g3 Bg4 3.Bg2 Nd7 4.c4 c6 5.cxd5 cxd5 6.Nc3 e6 7.Qb3 Qb6 8.Qxb6 axb6
9.Nd4 Ngf6 10.h3 Bh5 11.d3 Bc5 12.Nb3 Bd6 13.f4 Bg6 14.g4 Ng8 15.Nb5 Bb8
16.f5 Bg3+ 17.Kd1 exf5 18.gxf5 Bxf5 19.Bxd5 Ngf6 20.Bxb7 Rb8 21.Bf3 O-O 22.N3d4 Bg6
23.Nc6 Rbe8 24.Bd2 Ne5 25.Nxe5 Rxe5 26.a4 Nd5 27.e4 Nf4 28.Ra3 Rd8 29.d4 Ree8
30.b4 Ne6 31.d5 Bf4 32.Bxf4 Nxf4 33.Re1 f5 34.e5 Nxd5 35.Nd6 Nxb4 36.Rb3 Na6
37.Rxb6 Nc5 38.a5 Ne4 39.Bxe4 fxe4 40.Rb5 Rb8 41.Rxb8 Rxb8 42.Kd2 Rb2+ 43.Kc3 Ra2
44.Kb4 Kf8 45.Nxe4 Bxe4 46.Rxe4 g5 47.Kb5 Ke7 48.a6 Ke6 49.Ra4 Rb2+ 50.Ka5 Rb8
51.a7 Ra8 52.Kb6 Kxe5 53.Kb7 Rxa7+ 54.Kxa7 h5 55.h4  1-0

[Event "Gold Coast op"]
[Site "Gold Coast"]
[Date "1998.06.21"]
[Round "7"]
[White "Wohl, Aleksandar H"]
[Black "Rogers, Ian"]
[Result "1/2-1/2"]
[WhiteElo "2440"]
[BlackElo "2570"]

1.Nf3 d5 2.g3 c6 3.Bg2 Bg4 4.O-O Nd7 5.d3 Ngf6 6.Nbd2 e6 7.b3 Be7 8.Bb2 O-O
9.c4 a5 10.Rb1 Qb8 11.Qc2 h6 12.e4 dxe4 13.dxe4 e5 14.Rfe1 Re8 15.Nf1 Bxf3
16.Bxf3 Nc5 17.Ne3 Ne6 18.Ng4 Nd7 19.Red1 Qc7 20.Bg2 Bc5 21.Bh3 Nd4 22.Qd3 Rad8
23.Kg2 Nf8 24.Ne3 Nh7 25.Nc2 Qb6 26.Nxd4 Bxd4 27.Bxd4 Rxd4 28.Qe3 Nf6 29.f3 c5
30.Rxd4 cxd4 31.Qd3 Qb4 32.Rc1 Qc5 33.Re1 Ra8 34.f4 a4 35.fxe5 Qxe5 36.b4 Re8
37.Kg1 Nxe4 38.Bd7 Re7 39.Bxa4 f5 40.c5 Kh8 41.Bb3 Re8 42.Rf1 Rd8 43.g4 fxg4
44.Re1 Nf2 45.Rxe5 Nxd3 46.Rd5 Rxd5 47.Bxd5 Nxb4 48.Bxb7 d3 49.Kf2 Nxa2 50.c6 d2
51.c7 d1=Q 52.c8=Q+ Kh7 53.Qf5+ g6 54.Qf7+  1/2-1/2

[Event "White Nights op"]
[Site "St Petersburg"]
[Date "1998.06.22"]
[Round "3"]
[White "Blechzin, Igor"]
[Black "Potkin, Vladimir"]
[Result "1-0"]
[WhiteElo "2400"]
[BlackElo "2295"]

1.Nf3 d5 2.g3 e6 3.Bg2 Nf6 4.O-O c5 5.d3 Nc6 6.Nbd2 g6 7.e4 Bg7 8.exd5 Nxd5
9.Ne4 b6 10.Bg5 f6 11.Bd2 O-O 12.a3 e5 13.Nc3 Nde7 14.b4 cxb4 15.axb4 Bb7
16.b5 Nb4 17.Ra4 a5 18.bxa6 Nxa6 19.Qb1 Nc5 20.Rb4 Ra6 21.Be3 Bc6 22.Nd2 Bxg2
23.Kxg2 Nd5 24.Nxd5 Qxd5+ 25.Kg1 Rb8 26.Rb5 Rc8 27.Nc4 Rc6 28.Nxb6 Qd6 29.Bxc5 Rxc5
30.Qb3+ Kh8 31.Nc4 Rxb5 32.Qxb5 Qe6 33.Qb8+ Qg8 34.Rb1 Ra8 35.Qb7 h5 36.Nd6 Kh7
37.c4 Rd8 38.Qc7 Qf8 39.c5 f5 40.Rb7 Kg8 41.Qb6 Ra8 42.Qb3+ Kh7 43.Qe6 f4
44.Rb1 Qg8 45.Qxg8+ Kxg8 46.c6 Bf8 47.Nc4 Rc8 48.Nxe5 fxg3 49.hxg3 Bd6 50.f4 Bxe5
51.fxe5 Rxc6 52.Kf2 Kf7 53.Ke3 g5 54.Rf1+ Ke7 55.Rh1 Rh6 56.Ke4 h4 57.g4 h3
58.Kf5 h2 59.Kxg5 Rh3 60.Kf5 Rxd3 61.Rxh2 Rf3+ 62.Kg6 Re3 63.Rh5 Ke6 64.Rf5 Rg3
65.g5 Ra3 66.Rf6+ Kxe5 67.Kg7 Ra7+ 68.Rf7 Ra8 69.g6 Ra6 70.Kh7 Ra1 71.g7 Rh1+
72.Kg8 Ra1 73.Rb7 Ke6 74.Rb6+ Ke7 75.Kh7 Rh1+ 76.Rh6 Rg1 77.g8=Q Rg6 78.Rxg6  1-0

[Event "White Nights op"]
[Site "St Petersburg"]
[Date "1998.06.22"]
[Round "3"]
[White "Loginov, Valery A"]
[Black "Vunder, A."]
[Result "1-0"]
[WhiteElo "2500"]
[BlackElo "2310"]

1.Nf3 d5 2.g3 Nf6 3.Bg2 c5 4.O-O Nc6 5.d4 e6 6.c4 Be7 7.cxd5 exd5 8.Nc3 O-O
9.Bg5 cxd4 10.Nxd4 h6 11.Be3 Re8 12.Qc2 Bg4 13.h3 Bd7 14.Rad1 Bf8 15.a3 Qc8
16.Kh2 Re5 17.Nf3 Rh5 18.Nh4 Ne5 19.Bd4 Be7 20.Rh1 Ne4 21.Bxe5 Rxe5 22.Rxd5 Nxf2
23.Rxe5 Bxh4 24.Rf1 Bf6 25.Rh5 Bd4 26.Qd2  1-0

[Event "CZE-ch"]
[Site "Zlin"]
[Date "1998.06.22"]
[Round "10"]
[White "Cvek, Robert"]
[Black "Haba, Petr"]
[Result "1-0"]
[WhiteElo "2405"]
[BlackElo "2570"]

1.Nf3 d5 2.g3 c5 3.Bg2 Nc6 4.c4 d4 5.d3 e5 6.O-O Bd6 7.e3 Nge7 8.exd4 cxd4
9.Re1 f6 10.Nbd2 O-O 11.a3 a5 12.Rb1 Ng6 13.h4 Rb8 14.h5 Nh8 15.Nh4 Nf7 16.Ne4 Be7
17.g4 Be6 18.Nf5 h6 19.Bd2 Qd7 20.Neg3 Nd6 21.Qf3 Rfc8 22.b4 axb4 23.axb4 b5
24.c5 Nxf5 25.gxf5 Bf7 26.Ra1 Bf8 27.Ne4 Kh8 28.Ra6 Qe8 29.Nxf6 gxf6 30.Rxc6 Bxh5
31.Rxc8 Rxc8 32.Qh3 Bg7 33.Ra1 Qf7 34.Qh4 Rg8 35.Ra6 Kh7 36.Rb6 Bh8 37.Kh1 Rg4
38.Qxg4 Bxg4 39.Rb7 Kg8 40.Rxf7 Kxf7 41.Be4 Bg7 42.f3 Bh3 43.Kh2 Bf1 44.Kg3 Bf8
45.Kh4 Kg7 46.Kh5 Kh7 47.Bxh6 Be7 48.Bd2 Bd8 49.Kg4 Kg7 50.Kg3 Kf8 51.Kf2 Bh3
52.Bh6+ Kg8 53.Kg3 Bf1 54.f4 Bc7 55.fxe5 Bxe5+ 56.Bf4 Bxf4+ 57.Kxf4 Kf8 58.Kf3 Ke7
59.Kf2 Bh3 60.Bc6 Bxf5 61.Bxb5 Ke6 62.Bc4+ Ke5 63.b5 Bc8 64.Kf3 Bf5 65.Kg3 Bc8
66.Bf7 f5 67.Kf3 f4 68.c6  1-0

[Event "White Nights op"]
[Site "St Petersburg"]
[Date "1998.06.23"]
[Round "4"]
[White "Zaitsev, Vadim"]
[Black "Rutman, A."]
[Result "1/2-1/2"]
[WhiteElo "2425"]
[BlackElo "2320"]

1.Nf3 d5 2.g3 c5 3.Bg2 Nc6 4.d4 cxd4 5.Nxd4 e5 6.Nxc6 bxc6 7.O-O Bc5 8.c4 Ne7
9.cxd5 cxd5 10.Nc3 Bb7 11.b4 Bd4 12.Bb2 O-O 13.Qb3 Qd7 14.Rfd1 Bxc3 15.Bxc3 d4
16.e4 Bc6 17.Qa3 f5 18.Qa5 Qb7 19.Bd2 Ng6 20.Rac1 fxe4 21.b5 Bd5 22.Rc7 Qb6
23.Rd7 Qe6 24.Qc7 Rf7 25.Rxf7 Qxf7 26.Qxf7+ Kxf7 27.Rc1 Rb8 28.Rc7+ Kf6 29.a4 Rb7
30.Rc5 Ne7 31.h4 h6 32.Kf1 a6 33.bxa6 Ra7 34.Ra5 e3 35.fxe3 Bxg2+ 36.Kxg2 Nc6
37.Rc5 Rxa6 38.exd4 Nxd4 39.a5 Ke6 40.Rc7 g6 41.g4 Nb3 42.Bxh6 Rxa5 43.Rc6+ Kf7
44.g5 Ra4 45.Rf6+ Ke7 46.Kh3 Nd4 47.h5 gxh5 48.Bf8+ Kd7 49.g6 Ne6 50.g7 Rg4
51.Rf7+ Kc6 52.Rf5 Nxg7 53.Bxg7 Rxg7  1/2-1/2

[Event "Magistral Algarve"]
[Site "Vila Real de Santo Antonio"]
[Date "1998.06.25"]
[Round "7"]
[White "Damljanovic, Branko"]
[Black "Galego, Luis"]
[Result "1/2-1/2"]
[WhiteElo "2540"]
[BlackElo "2445"]

1.Nf3 d5 2.g3 c6 3.Bg2 Nf6 4.O-O Bg4 5.d4 Nbd7 6.Nbd2 e6 7.Re1 Be7 8.e4 dxe4
9.Nxe4 Nxe4 10.Rxe4 Nf6 11.Re1 O-O 12.c3 a5 13.Qb3 Bxf3 14.Bxf3 Qd7 15.a4 Nd5
16.Bd2 Rfd8 17.Rad1 b5 18.Qc2 Rab8 19.Bc1 Bf6 20.h4 b4 21.Be4 h6 22.Kg2 bxc3
23.bxc3 Qb7 24.Bd2 Qb3 25.Rb1 Qxc2 26.Bxc2 Rbc8 27.Be4 c5 28.Rec1 cxd4 29.cxd4 Rxc1
30.Rxc1 Nb4 31.Be3 g6 32.Rc4 Kg7 33.Kf3 Rd7 34.Ke2 Be7 35.Bf4 Nd5 36.Bd2 Nb6
37.Bc6  1/2-1/2

[Event "White Nights op"]
[Site "St Petersburg"]
[Date "1998.06.26"]
[Round "7"]
[White "Terekhov, Andrey"]
[Black "Rusanov, Michail"]
[Result "1-0"]
[WhiteElo "2300"]
[BlackElo "2410"]

1.Nf3 d5 2.g3 c6 3.b3 Bg4 4.Bg2 Nd7 5.Bb2 Ngf6 6.O-O e6 7.d3 Be7 8.Nbd2 O-O
9.c4 b5 10.a3 a5 11.Rc1 Bd6 12.Rc2 Qe7 13.Nd4 Ne5 14.cxb5 Bxa3 15.Bxa3 Qxa3
16.Nxc6 Nxc6 17.bxc6 Rfc8 18.f3 Bh5 19.Qa1 Qd6 20.Rfc1 Ra6 21.Qa4 Ne8 22.Rc5 f6
23.b4 Qc7 24.bxa5 Nd6 25.Nb3 Be8 26.Nd4 e5 27.Nb5 Nxb5 28.Qxb5 Rxc6 29.Rxc6 Bxc6
30.Qc5 Qd7 31.a6 g6 32.f4 Kg7 33.Qb6 e4 34.a7 Bb7 35.Rb1 Ba8 36.Qb8 Qc6 37.d4 Kh6
38.g4 Qc3 39.Kh1 Qc2 40.e3 Kg7 41.h3 Qc7 42.g5 fxg5 43.fxg5 h6 44.h4 hxg5
45.Bh3  1-0

[Event "Szeged TT06 IM"]
[Site "Szeged"]
[Date "1998.06.26"]
[Round "9"]
[White "Ianov, Viktor"]
[Black "Dovzik, Juri"]
[Result "1/2-1/2"]
[WhiteElo "2360"]
[BlackElo "2375"]

1.Nf3 d5 2.g3 c6 3.Bg2 Bg4 4.O-O Nd7 5.d4 e6 6.c4 f5 7.Nc3 Bd6 8.Qb3 Rb8
9.Re1 Qe7 10.Bf4 Bxf4 11.gxf4 Ngf6  1/2-1/2

[Event "White Nights op"]
[Site "St Petersburg"]
[Date "1998.06.28"]
[Round "9"]
[White "Nikolaev, Nikita"]
[Black "Marinin, Viktor"]
[Result "1/2-1/2"]
[WhiteElo "2330"]
[BlackElo "2230"]

1.Nf3 d5 2.g3 e6 3.Bg2 c6 4.O-O Bd6 5.d4 f5 6.Bf4 Bxf4 7.gxf4 Nf6 8.Nbd2 b6
9.c4 Bb7 10.e3 Nbd7 11.b4 O-O 12.c5 Ne4 13.Nxe4 fxe4 14.Ng5 Qe7 15.f3 h6
16.Nh3 exf3 17.Qxf3 Ba6 18.Rfe1 Nf6  1/2-1/2

[Event "RUS-Cup06"]
[Site "Nizhnij Novgorod"]
[Date "1998.07.01"]
[Round "3"]
[White "Filippov, Valerij"]
[Black "Skomorokhin, Roman"]
[Result "1-0"]
[WhiteElo "2595"]
[BlackElo "2480"]

1.Nf3 d5 2.g3 Bg4 3.Bg2 Nd7 4.c4 c6 5.cxd5 cxd5 6.Qa4 Bxf3 7.Bxf3 Nf6 8.Nc3 e6
9.e4 dxe4 10.Nxe4 Nd5 11.Nc3 Nb6 12.Qa5 Qc8 13.d4 Qc4 14.Qb5 Bb4 15.Qxc4 Nxc4
16.Bxb7 Rb8 17.Ba6 Nxb2 18.Bxb2 Ba5 19.O-O-O O-O 20.Kc2 Rb6 21.Bc4 Rc8 22.Bb3 Nf6
23.f3 Nd5 24.Bxd5 exd5 25.Rd3  1-0

[Event "RUS-Cup06"]
[Site "Nizhnij Novgorod"]
[Date "1998.07.03"]
[Round "5"]
[White "Grebionkin, Vladimir"]
[Black "Kuporosov, Viktor"]
[Result "1/2-1/2"]
[WhiteElo "2415"]
[BlackElo "2500"]

1.Nf3 d5 2.g3 c6 3.Bg2 Bg4 4.c4 e6 5.cxd5 exd5 6.O-O Nd7 7.d3 Ngf6 8.Nc3 Bc5
9.e4 dxe4 10.dxe4 O-O 11.h3 Bh5 12.Bf4 Re8 13.Re1 Bb4 14.Rc1 Bxf3 15.Bxf3 Ne5
16.Bxe5  1/2-1/2

[Event "SVK-ch"]
[Site "Prievidza"]
[Date "1998.07.03"]
[Round "7.4"]
[White "Pcola, Pavel"]
[Black "Bombek, Peter"]
[Result "1/2-1/2"]
[WhiteElo "2420"]
[BlackElo "2220"]

1.g3 d5 2.Nf3 c6 3.Bg2 Bf5 4.c4 Nf6 5.cxd5 cxd5 6.Qb3 Qb6 7.Qxb6 axb6 8.Nc3 Nc6
9.O-O e5 10.d3 Bd6 11.Bg5 Be6 12.Nb5 Kd7 13.Nxd6 Kxd6 14.Bd2 Rhc8 15.a3 h6
16.Rac1 d4 17.e3 Nd7 18.exd4 exd4 19.Bb4+ Nc5 20.Bxc5+ bxc5 21.Nd2 b6 22.Rfe1 Bd5
23.Bxd5 Kxd5 24.f4 b5 25.b4 cxb4 26.axb4 Nxb4 27.Re5+ Kd6 28.Ne4+ Kd7 29.Nc5+ Rxc5
30.Rcxc5 Nxd3 31.Red5+ Ke6 32.f5+ Kf6 33.Rd6+ Ke7 34.Rcd5 Ra1+ 35.Kg2 Ra2+
36.Kf1 Rxh2 37.Rd7+ Kf6 38.R7d6+ Kg5 39.f6+ Kg6 40.Rxd4 Ne5 41.Re4 Nf3 42.Rg4+ Ng5
43.fxg7+ Kxg7 44.Rb4 Rc2 45.Rd5 Rc1+ 46.Kg2  1/2-1/2

[Event "Lost Boys op"]
[Site "Antwerp"]
[Date "1998.07.04"]
[Round "5"]
[White "Zoler, Dan"]
[Black "Mohandesi, Shahin"]
[Result "1-0"]
[WhiteElo "2495"]
[BlackElo "2285"]

1.Nf3 d5 2.g3 Nf6 3.Bg2 c6 4.b3 Bg4 5.Bb2 Nbd7 6.d3 e6 7.Nbd2 Be7 8.O-O O-O
9.Qe1 a5 10.a3 a4 11.b4 c5 12.bxc5 Bxc5 13.c4 Qe7 14.d4 Bd6 15.e4 Nxe4 16.Nxe4 dxe4
17.Qxe4 Nf6 18.Qe3 Qc7 19.Rfc1 Ra6 20.Nd2 Re8 21.Bc3 e5 22.c5 exd4 23.cxd6 Rxd6
24.Bxd4 Qd7 25.Be5 Rxd2 26.Re1 Rd6 27.Rab1 b5 28.Qc5 Rde6 29.h3 Bf5 30.Rxb5 Qd2
31.Qe3 Qd3 32.Ra5 Nd7 33.Qxd3 Bxd3 34.f4 Nxe5 35.Rexe5 Rxe5 36.fxe5 g6 37.Bc6 Rb8
38.Rxa4 Bf5 39.g4 Rb1+ 40.Kf2 Rb2+ 41.Kg3 Rb3+ 42.Kf4 Be6 43.h4 Kg7 44.Bf3 h6
45.g5 Rc3 46.gxh6+ Kxh6 47.Bg4 Bxg4 48.Kxg4 Re3 49.Kf4 Rh3 50.Ra7 Rxh4+ 51.Ke3 Kg5
52.Rxf7 Ra4 53.e6 Rxa3+ 54.Ke4 Ra1 55.e7 Re1+ 56.Kd5 Kg4 57.Kd6 Rd1+ 58.Ke6 Re1+
59.Kf6 g5 60.Rf8 Kg3 61.e8=Q Rxe8 62.Rxe8 g4 63.Kg5  1-0